000 00190nam a2200085Ia 4500
008 120527s9999 xx 000 0 und d
100 _aBURNS,Timothy.
245 _aAfter History ?
942 _cBK
999 _c23877
_d23877